ბათუმის შოთა რუსთაველის სახელმწიფო უნივერსიტეტის ბიბლიოთეკა

Автоматические цифровые машины (ბიბ.ჩანაწერი № 47897)

000 -LEADER
fixed length control field 00596nam a2200205Ia 4500
001 - CONTROL NUMBER
control field 14774
003 - CONTROL NUMBER IDENTIFIER
control field GE_BSU
008 - FIXED-LENGTH DATA ELEMENTS--GENERAL INFORMATION
fixed length control field 181216s||||||||xx |||||||||||||| ||und||
040 ## - CATALOGING SOURCE
Transcribing agency GE_BSU
080 ## - UNIVERSAL DECIMAL CLASSIFICATION NUMBER
Universal Decimal Classification number 681
100 ## - MAIN ENTRY--PERSONAL NAME
Personal name Архангельский,Н.А. Зайцев,Б.И.
245 ## - TITLE STATEMENT
Title Автоматические цифровые машины
245 ## - TITLE STATEMENT
Statement of responsibility, etc. Ред.А.А.Коноплянкин
260 ## - PUBLICATION, DISTRIBUTION, ETC.
Place of publication, distribution, etc. Москва
260 ## - PUBLICATION, DISTRIBUTION, ETC.
Name of publisher, distributor, etc. Госиздат
260 ## - PUBLICATION, DISTRIBUTION, ETC.
Date of publication, distribution, etc. 1958
300 ## - PHYSICAL DESCRIPTION
Extent 126стр.20см.
653 ## - INDEX TERM--UNCONTROLLED
Uncontrolled term Автоматические цифровые машины
942 ## - ADDED ENTRY ELEMENTS (KOHA)
Koha item type წიგნი
ეგზემპლარები
Withdrawn status Lost status Damaged status Not for loan Date acquired Barcode Date last seen Price effective from Koha item type
        2018-12-17 18272 2018-12-17 2018-12-17 წიგნი